Random Base Conversion - Octal to Decimal - Statistics

General Stats
  • This quiz has been taken 23 times
  • The average score is 12 of 20
Answer Stats
Octal Decimal % Correct
147 103
100%
152 106
100%
153 107
100%
13 11
100%
157 111
100%
162 114
100%
170 120
100%
171 121
100%
200 128
100%
15 13
100%
203 131
100%
210 136
100%
225 149
100%
231 153
100%
240 160
100%
242 162
100%
255 173
100%
262 178
100%
267 183
100%
271 185
100%
274 188
100%
276 190
100%
300 192
100%
305 197
100%
2 2
100%
310 200
100%
313 203
100%
315 205
100%
321 209
100%
325 213
100%
327 215
100%
330 216
100%
340 224
100%
27 23
100%
351 233
100%
361 241
100%
376 254
100%
34 28
100%
40 32
100%
50 40
100%
62 50
100%
64 52
100%
66 54
100%
70 56
100%
6 6
100%
77 63
100%
102 66
100%
7 7
100%
112 74
100%
114 76
100%
115 77
100%
127 87
100%
130 88
100%
134 92
100%
137 95
100%
142 98
100%
173 123
67%
20 16
67%
132 90
67%
0 0
50%
144 100
50%
164 116
50%
175 125
50%
201 129
50%
204 132
50%
217 143
50%
222 146
50%
226 150
50%
235 157
50%
244 164
50%
250 168
50%
272 186
50%
24 20
50%
336 222
50%
341 225
50%
42 34
50%
53 43
50%
106 70
50%
120 80
50%
342 226
33%
116 78
33%
1 1
0%
12 10
0%
145 101
0%
146 102
0%
150 104
0%
151 105
0%
154 108
0%
155 109
0%
156 110
0%
160 112
0%
161 113
0%
163 115
0%
165 117
0%
166 118
0%
167 119
0%
14 12
0%
172 122
0%
174 124
0%
176 126
0%
177 127
0%
202 130
0%
205 133
0%
206 134
0%
207 135
0%
211 137
0%
212 138
0%
213 139
0%
16 14
0%
214 140
0%
215 141
0%
216 142
0%
220 144
0%
221 145
0%
223 147
0%
224 148
0%
17 15
0%
227 151
0%
230 152
0%
232 154
0%
233 155
0%
234 156
0%
236 158
0%
237 159
0%
241 161
0%
243 163
0%
245 165
0%
246 166
0%
247 167
0%
251 169
0%
21 17
0%
252 170
0%
253 171
0%
254 172
0%
256 174
0%
257 175
0%
260 176
0%
261 177
0%
263 179
0%
22 18
0%
264 180
0%
265 181
0%
266 182
0%
270 184
0%
273 187
0%
275 189
0%
23 19
0%
277 191
0%
301 193
0%
302 194
0%
303 195
0%
304 196
0%
306 198
0%
307 199
0%
311 201
0%
312 202
0%
314 204
0%
316 206
0%
317 207
0%
320 208
0%
25 21
0%
322 210
0%
323 211
0%
324 212
0%
326 214
0%
331 217
0%
332 218
0%
333 219
0%
26 22
0%
334 220
0%
335 221
0%
337 223
0%
343 227
0%
344 228
0%
345 229
0%
346 230
0%
347 231
0%
350 232
0%
352 234
0%
353 235
0%
354 236
0%
355 237
0%
356 238
0%
357 239
0%
30 24
0%
360 240
0%
362 242
0%
363 243
0%
364 244
0%
365 245
0%
366 246
0%
367 247
0%
370 248
0%
371 249
0%
31 25
0%
372 250
0%
373 251
0%
374 252
0%
375 253
0%
377 255
0%
32 26
0%
33 27
0%
35 29
0%
3 3
0%
36 30
0%
37 31
0%
41 33
0%
43 35
0%
44 36
0%
45 37
0%
46 38
0%
47 39
0%
4 4
0%
51 41
0%
52 42
0%
54 44
0%
55 45
0%
56 46
0%
57 47
0%
60 48
0%
61 49
0%
5 5
0%
63 51
0%
65 53
0%
67 55
0%
71 57
0%
72 58
0%
73 59
0%
74 60
0%
75 61
0%
76 62
0%
100 64
0%
101 65
0%
103 67
0%
104 68
0%
105 69
0%
107 71
0%
110 72
0%
111 73
0%
113 75
0%
117 79
0%
10 8
0%
121 81
0%
122 82
0%
123 83
0%
124 84
0%
125 85
0%
126 86
0%
131 89
0%
11 9
0%
133 91
0%
135 93
0%
136 94
0%
140 96
0%
141 97
0%
143 99
0%
No matching quizzes found
Score Distribution
Percent of People with Each Score
Percentile by Number Answered
Your Score History
You have not taken this quiz